Statystyki dla Skoki Narciarskie - skocznie Pucharu Świata 2022/23

Kliknij tutaj aby rozwiązać quiz!

Ogólne statystyki

  • Ten quiz został rozwiązany 446 razy
    (249 od ostatniego zresetowania)
  • Średni wynik to 14 z 19

Statystyki odpowiedzi

DataSkocznia% Poprawnych
05-06.11.2022Wisła
97%
14-15.01.2023Zakopane
92%
31.03-2.04.2023Planica
91%
11-12.03.2023Oslo
85%
05-06.11.2022Ruka
85%
18-19.03.2023Vikersund
85%
01.01.2023Garmisch-Partenkirchen
84%
04.01.2023Innsbruck
84%
25-26.03.2023Lahti
79%
17-18.12.2022Engelberg
76%
14-16.03.2023Lillehammer
76%
20-22.01.2023Sapporo
76%
29.12.2022Oberstdorf
72%
03-05.02.2023Willingen
68%
06.01.2023Bischofshofen
61%
11-12.02.2023Lake Placid
61%
18-19.02.2023Rasnov
58%
09-11.12.2022Titisee-Neustadt
51%
28-29.01.2023Bad Mitterndorf
43%

Rozkład punktacji

Percentyl według liczby udzielonych odpowiedzi

Procent ludzi z każdym wynikiem

Twoja historia wyników

Nie rozwiązałeś tego quizu od ostatniego zresetowania